000 00440nam a2200181Ia 4500
001 18457
005 20260306171632.0
008 260306s9999||||xx |||||||||||||| ||und||
041 _aESP
082 _a658.4052
_bF54
100 _aFisher, Roger
_eAUT
245 0 _aObtenga el sí:
_bel arte de negociar sin ceder
260 _c2011
300 _a229 páginas :
_c23 cm.
650 _aGEN
654 _aCAN
942 _cLIB
_dJUS
_fJUS
_2ddc
_n
999 _c18457
_d18457